Responses for Show #2276 - Monday, June 27, 1994

Contestants

[<< previous game]

Margaret Robbins, a college professor from New Concord, Ohio

Steve Sailer, a marketing researcher from Chicago, Illinois

Kim Smith, a ticket counter originally from Sedalia, Missouri (whose 1-day cash winnings total $7,400)

[next game >>]

Jeopardy! Round responses

THEME PARKS
FAMOUS NAMES
JAPAN
NATURE
GEMS & JEWELRY
"T" TIME
    $100 1
Las Vegas

Kim
    $100 7
Hillary Rodham Clinton

Margaret
    $100 17
Mount Fuji

Margaret
    $100 16
a camel

Kim
    $100 26
King Tut

Margaret
    $100 6
a talk show

Steve
    $200 2
Pennsylvania

Margaret
    $200 9
Mao Tse-Tung

Steve
    $200 19
sumo wrestlers

Kim
    $200 18
(Steve: What is an orange tree?)

a peach tree

KimSteve
    $200 27
an opal

Margaret
    $200 8
a tine

Kim
    $300 3
Houston

Margaret
    $300 10
(Kim: His name was Yeats. Who was Yeats?)
(Alex: I'm not going to accept that, obviously.)
[Laughter]

William Butler Yeats

KimSteve
    $300 20
a flute

Margaret
    $300 23
corgis

Margaret
    $300 28
Emerald

Margaret
    $300 13
(Steve: Where is Tahiti?)

Tahitians

SteveMargaret
    $400 4
Hershey

Margaret
    $400 11
El Salvador

Margaret
    $400 21
Shinto

Margaret
    $400 24
fish

Kim
    $400 29
Tiffany's

Margaret
    $400 14
tacky

Margaret
    $900 5
the Ozarks

Margaret
    $500 12
New Orleans

Margaret
    $500 22
Noh drama

Kim
    $500 25
laughing (or spotted)

Steve
    $500 30
the Etruscans

Kim
    $500 15
trunks

Margaret

Scores at the first commercial break (after clue 15):

Kim Steve Margaret
$0 $300 $4,000

Scores at the end of the Jeopardy! Round:

Kim Steve Margaret
$1,900 $600 $6,100

Double Jeopardy! Round responses

POETS & POETRY
1911
BODIES OF WATER
BRITISH MONARCHS
CASTLE ARCHITECTURE
AWARDS
    $200 6
India

Margaret
    $200 1
Mexico

Kim
    $200 7
Israel

Steve
    $200 21
Queen Elizabeth II

Steve
    $200 27
the drawbridge

Margaret
    $200 17
Angela Lansbury

Margaret
    $400 8
Milton

Margaret
    $400 2
Standard Oil

Kim
    $400 9
the Jordan River

Margaret
    $400 23
the Great Fire of London

Margaret
    $400 28
(Kim: What was the keep?)
[NOTE: "Keep" and the expected response could be considered similar enough in a historical context such that Kim's response likely should have been ruled correct. This likely resulted in his later return to the show.]

the dungeon

KimMargaret
    $400 18
Jack Nicklaus

Kim
    $600 13
Kipling

Kim
    $600 3
Ty Cobb

Kim
    $600 10
the Red River

Kim
    $600 22
Catholicism

Margaret
    $600 26
(Steve: What were catapults?)

arrows (bows & arrows, or crossbows)

SteveMargaret
    $600 16
Sikorsky

Margaret
    $800 14
(Steve: Who was Southey?)
(Margaret: Who was Burns?)

Sir Walter Scott

SteveMargaret
Triple Stumper
    $800 4
Machu Picchu

Margaret
    $800 11
(Kim: [No response])

the Tagus River

KimSteve
    $2,000 24
(Margaret: What was Latin?)
(Alex: No, sorry. They spoke [*]. The language of the courts, language of diplomacy.)

French

Margaret
    $600 29
the portcullis

Margaret
    $800 19
Casals

Kim
    $1000 15
William Wordsworth

Steve
    $1000 5
Stravinsky

Steve
    $1000 12
(Steve: What is Paraguay?)
(Kim: What is Venezuela?)

Argentina or Brazil

KimSteve
Triple Stumper
    $1000 25
Edward the Confessor

Steve
    $1000 30
the Great Hall

Steve
    $1000 20
the Leakeys

Margaret

Scores at the end of the Double Jeopardy! Round:

Kim Steve Margaret
$3,300 $3,400 $9,700
(lock game)

[wagering suggestions for these scores]

Final Jeopardy! Round responses

WORLD CITIES
KimWhat is Katmandu
$3,300
SteveWhat is Katmandu
$3,298
MargaretWhat is Dacca?
$2,300
Katmandu

Final scores:

Kim Steve Margaret
$6,600 $6,698 $7,400
3rd place: Curtis Mathes LaserDisc player + Wheel of Fortune & Jeopardy! games for the Super Nintendo & Sega Genesis 2nd place: trip to Puerto Vallarta, Mexico New champion: $7,400

Game dynamics:

Coryat scores:

Kim Steve Margaret
$3,300 $3,400 $11,500
15 R,
4 W
11 R,
5 W
31 R
(including 2 DDs),
2 W
(including 1 DD)

Combined Coryat: $18,200

[game clues] [game scores] [suggest correction]

Game tape date: 1994-02-14
The J! Archive is created by fans, for fans. Scraping, republication, monetization, and malicious use prohibited; this site may use cookies and collect identifying information. See terms. The Jeopardy! game show and all elements thereof, including but not limited to copyright and trademark thereto, are the property of Jeopardy Productions, Inc. and are protected under law. This website is not affiliated with, sponsored by, or operated by Jeopardy Productions, Inc. Join the discussion at JBoard.tv.